[Event "IECC M email"]
[Site "IECC email"]
[Date "2003.07.26"]
[Round "?"]
[White "Lubbers, Jan Willem"]
[Black "Michaud, Manju"]
[Result "1-0"]
[WhiteElo "1638"]
[BlackElo "1845"]
[PlyCount "51"]
[EventDate "2003.??.??"]
[EventType "tourn (corr)"]
[EventRounds "6"]
[SourceTitle "Corr 2008"]
[Source "ChessBase"]
[SourceDate "2008.06.24"]
[SourceVersion "1"]
[SourceVersionDate "2008.06.24"]
[SourceQuality "1"]

1. e4 d6 2. d4 Nf6 3. Nc3 g6 4. f4 Bg7 5. a3 0-0 6. Nf3 b6 7. Bd3 c5 8. e5 dxe5 9. dxe5 Nd5 10. Be4 Nc7 11. Qxd8 Rxd8 12. Bxa8 Nxa8 13. Be3 Nc7 14. Kf2 Bb7 15. Rad1 Nc6 16. Rxd8+ Nxd8 17. b4 cxb4 18. axb4 e6 19. Rd1 Nd5 20. Nxd5 exd5 21. c4 Nc6 22. cxd5 Nxb4 23. d6 Nc6 24. d7 Nd8 25. Ra1 Bf8 26. Rxa7 1-0

[Event "IECC M email"]
[Site "IECC email"]
[Date "2001.07.23"]
[Round "?"]
[White "Michaud, Manju"]
[Black "Pfeiffer, Andre"]
[Result "1-0"]
[WhiteElo "1885"]
[BlackElo "1785"]
[PlyCount "57"]
[EventDate "2001.??.??"]
[EventType "tourn (corr)"]
[EventRounds "6"]
[SourceTitle "Corr 2008"]
[Source "ChessBase"]
[SourceDate "2008.06.24"]
[SourceVersion "1"]
[SourceVersionDate "2008.06.24"]
[SourceQuality "1"]

1. c4 Nf6 2. Nc3 g6 3. d4 Bg7 4. e4 d6 5. f3 0-0 6. Be3 Nc6 7. Nge2 Rb8 8. Qd2 Re8 9. g4 a6 10. Ng3 e5 11. d5 Nd4 12. Be2 c5 13. Kf2 b5 14. cxb5 axb5 15. Bxd4 exd4 16. Nxb5 Rb6 17. a4 Nd7 18. a5 Ra6 19. Ra2 Ne5 20. h3 d3 21. Bxd3 Nxd3+ 22. Qxd3 Be5 23. Qd2 Bd7 24. f4 Bxf4 25. Qxf4 Bxb5 26. Qd2 Qh4 27. Kg2 Bc4 28. Ra3 Rb8 29. Rc1 1-0

[Event "IECC M email"]
[Site "IECC email"]
[Date "2001.07.23"]
[Round "?"]
[White "Pfeiffer, Andre"]
[Black "Michaud, Manju"]
[Result "1-0"]
[WhiteElo "1779"]
[BlackElo "1896"]
[PlyCount "57"]
[EventDate "2001.??.??"]
[EventType "tourn (corr)"]
[EventRounds "6"]
[SourceTitle "Corr 2008"]
[Source "ChessBase"]
[SourceDate "2008.06.24"]
[SourceVersion "1"]
[SourceVersionDate "2008.06.24"]
[SourceQuality "1"]

1. Nf3 Nf6 2. g3 d5 3. Bg2 Bf5 4. 0-0 c6 5. d3 e6 6. c4 Be7 7. Be3 Ng4 8. Bd4 Bf6 9. h3 Bxd4 10. Nxd4 Nh6 11. Qb3 Qe7 12. e4 dxe4 13. dxe4 Bg6 14. e5 Nf5 15. Rd1 Qc7 16. f4 Nd7 17. Nxf5 Bxf5 18. Na3 0-0-0 19. Qe3 Qb6 20. Qxb6 Nxb6 21. c5 Na4 22. Nc4 Kc7 23. Nd6 Bg6 24. Rac1 Nxb2 25. Rb1 Bxb1 26. Rxb1 b5 27. Rxb2 Rhf8 28. a4 a6 29. axb5 1-0

[Event "IECC KO email"]
[Site "IECC email"]
[Date "2001.02.05"]
[Round "?"]
[White "Wakeham, Marc R"]
[Black "Michaud, Manju"]
[Result "0-1"]
[WhiteElo "1616"]
[BlackElo "1900"]
[PlyCount "30"]
[EventDate "2001.??.??"]
[EventType "tourn (corr)"]
[EventRounds "6"]
[SourceTitle "Corr 2008"]
[Source "ChessBase"]
[SourceDate "2008.06.24"]
[SourceVersion "1"]
[SourceVersionDate "2008.06.24"]
[SourceQuality "1"]

1. e4 d6 2. d4 Nf6 3. Nc3 g6 4. Bg5 Bg7 5. f4 c6 6. Qd2 b5 7. Nf3 b4 8. Na4 Nxe4 9. Qxb4 Nxg5 10. Nxg5 0-0 11. Bd3 Nd7 12. 0-0 Rb8 13. Qc4 Qa5 14. c3 Nf6 15. b4 Qxa4 0-1